Obligácie versus klasický bankový úver

Členenie cenných papierov kapitálového trhu. Podstata dlhopisov a ich formy. Výnosnosť obligácií. Úver alebo obligácie z pozície emitenta. Vlastná emisia obligácií.

Na minha lista:
Detalhes bibliográficos
Autor principal: Chovancová, Božena
Formato: Capítulo de Livro
Idioma:eslovaco
Assuntos:
Tags: Adicionar Tag
Sem tags, seja o primeiro a adicionar uma tag!

MARC

LEADER 00000naa a2200000 4500
001 r033618
005 20230919065934.9
041 0 |a slo 
044 |a SK 
245 1 0 |a Obligácie versus klasický bankový úver  |c Božena Chovancová 
520 |a Členenie cenných papierov kapitálového trhu. Podstata dlhopisov a ich formy. Výnosnosť obligácií. Úver alebo obligácie z pozície emitenta. Vlastná emisia obligácií. 
610 2 0 |a papiere cenné 
610 2 0 |a obligácie 
610 2 0 |a trh kapitálový 
610 2 0 |a dlhopisy 
610 2 0 |a emitenti 
610 2 0 |a úver 
610 2 0 |a emisia 
100 1 |a Chovancová, Božena